Southville International School and Colleges
Your cart is empty.
  • Cart
  • Lists
    Public lists Eva Luna New books Lux_list list_1
    Your lists Log in to create your own lists
  • Log in to your account
  • Your cookies
  • Search history
Southville International School and Colleges
  • Advanced search
  • Recent comments
  • Most popular
  • Libraries

Log in to your account

Log in with GOOGLE


If you do not have an external account, but do have a local account, you can still log in:

  1. Home
  2. MARC view: The Theory of hospitality & catering : 
Normal view MARC view ISBD view

The Theory of hospitality & catering :  (Record no. 291056)

[ view plain ]
MARC details
000 -LEADER
fixed length control field 00765nam a2200265Ia 4500
008 - FIXED-LENGTH DATA ELEMENTS--GENERAL INFORMATION
fixed length control field 160303s9999 xx 000 0 und d
020 ## - INTERNATIONAL STANDARD BOOK NUMBER
International Standard Book Number 978-1444-12376-0
050 ## - LIBRARY OF CONGRESS CALL NUMBER
Classification number MAIN TX 911.5
050 ## - LIBRARY OF CONGRESS CALL NUMBER
Item number .F67 2011
100 ## - MAIN ENTRY--PERSONAL NAME
Personal name Foskett, David 
245 ## - TITLE STATEMENT
Title The Theory of hospitality & catering : 
245 ## - TITLE STATEMENT
Remainder of title for levels 3 and 4 / 
245 ## - TITLE STATEMENT
Statement of responsibility, etc David Foskett, Patricia Paskins.
250 ## - EDITION STATEMENT
Edition statement 12th Edition
260 ## - PUBLICATION, DISTRIBUTION, ETC. (IMPRINT)
Place of publication, distribution, etc United Kingdom :
260 ## - PUBLICATION, DISTRIBUTION, ETC. (IMPRINT)
Name of publisher, distributor, etc Hodder Education
260 ## - PUBLICATION, DISTRIBUTION, ETC. (IMPRINT)
Date of publication, distribution, etc 2011
300 ## - PHYSICAL DESCRIPTION
Extent 436 pages :
300 ## - PHYSICAL DESCRIPTION
Other physical details illustrations ;
300 ## - PHYSICAL DESCRIPTION
Dimensions 27 cm.
500 ## - GENERAL NOTE
General note Includes bibliographical references and index.
650 ## - SUBJECT ADDED ENTRY--TOPICAL TERM
Topical term or geographic name as entry element Caterers and catering.
650 ## - SUBJECT ADDED ENTRY--TOPICAL TERM
Topical term or geographic name as entry element Food service management.
650 ## - SUBJECT ADDED ENTRY--TOPICAL TERM
Topical term or geographic name as entry element Hospitality industry.
Holdings
Withdrawn status Lost status Damaged status Home library Current library Shelving location Date acquired Cost, normal purchase price Total Checkouts Full call number Barcode Date last seen Price effective from Koha item type
      South Mansfield College South Mansfield College Reserve Section   3.00   MAIN TX 911.5 .F67 2011 SMC05970 03/03/2016 03/03/2016 Books

The Theory of hospitality & catering : 

APA

Foskett D., .The Theory of hospitality & catering. United Kingdom: .

Chicago

Foskett David, .The Theory of hospitality & catering. United Kingdom: .

Harvard

Foskett D., .The Theory of hospitality & catering. United Kingdom: .

MLA

Foskett David, .United Kingdom: . .

  • Place hold
  • Print
  • Cite
  • Add to your cart (remove)
  • Save record
    BIBTEX Dublin Core MARCXML MARC (non-Unicode/MARC-8) MARC (Unicode/UTF-8) MARC (Unicode/UTF-8, Standard) MODS (XML) RIS
  • More searches
    Search for this title in:
    Other Libraries (WorldCat) Other Databases (Google Scholar) Online Stores (Bookfinder.com) Open Library (openlibrary.org)

Exporting to Dublin Core...

SOUTHVILLE LIBRARY

Southville International School and Colleges Library

1281 Tropical Ave. Cor. Luxembourg St., BF Homes International, Las Pinas City

Tel. No. 8256374 / 252358 Loc. 117/146

Powered by Koha